000 00679nam a2200205Ia 4500
003 GCL
008 140319s9999 xx 000 0 ara d
040 _aGCL /
_cGCL
082 0 4 _a707
_bم ت
100 1 _aمحمود النبوى الشال
245 1 0 _aالتوجيه فى الفنون العملية /
_cمحمود النبوى الشال
300 _a272 ص
490 _aالهيئة العامة للاستعلامات
_v0
650 0 4 _aالصناعات اليدوية
650 0 4 _aالفنون التشكيلية
650 0 4 _aالتربية الفنية
650 0 4 _aالتوجية الفنى
650 0 4 _aالفنون - طرق تدريس
942 _2ddc
_cBK
999 _c49615
_d49615